Disney Character by Crime - Statistics

General Stats
  • This quiz has been taken 43 times
  • The average score is 2 of 7
Answer Stats
Hint Answer % Correct
Young suspect robbed from a bread stand before cleverly evading local law enforcements! Aladdin
95%
Suspect broke into and entered a private residence before abducting three juveniles from the premises! Peter Pan
46%
A professional robber this suspecthas been continually evading authorities while making quick grab and go missions! Robin Hood
24%
Jealous suspect ran his victimover a precipice to his possible death with a Green Car! Woody
11%
Suspicious suspect refuses to pay debtand is all ways trying to talk his way out of his crimes! Han Solo
5%
Gang of suspects is constantly taking upan illegal occupation lead by their father! Mr. Incredible/The Incredibles
5%
Small village suspect blackmailed a localleader telling him he would die if he did not do as he said Pacha
5%
No matching quizzes found
Score Distribution
Percent of People with Each Score
Percentile by Number Answered
Your Score History
You have not taken this quiz